| 000 | 01122na a2200337 4500 | ||
|---|---|---|---|
| 001 | 13819 | ||
| 003 | MIRAKIL | ||
| 005 | 20181213155304.0 | ||
| 008 | 161022b tu 000 0 | ||
| 020 | _a9789751034342 | ||
| 035 | _a13819 | ||
| 040 |
_aMilas _btur _cTR-AnCHP |
||
| 041 | _atur | ||
| 082 |
_a928 Atay,F.R. _bG96ç 2014 |
||
| 090 | _a928 Atay,F.R. G96ç 2014 | ||
| 100 | _aGürsoy, Yaşar | ||
| 245 |
_aÇankaya'nın kalemşoru _bbilinmeyenleriyle Falih Rıfkı Atay _cYaşar Gürsoy ; editör Ahmet Bozkurt |
||
| 246 | _aBilinmeyenleriyle Falih Rıfkı Atay | ||
| 260 |
_aİstanbul _bİnkılap kitabevi _c2014 |
||
| 300 |
_a416 s. _bfotg. _c19 sm. |
||
| 500 | _aAlbüm sondadır. | ||
| 504 | _aKaynakça var | ||
| 600 |
_aAtay, Falih Rıfkı _xYaşamöyküsü |
||
| 600 |
_aSiyaset _xAnılar _y20. yüzyıl _zTürkiye |
||
| 600 |
_aAtay, Falih Rıfkı _d1893-1971 _yAnılar |
||
| 650 |
_aGazeteciler _xAnılar _zTürkiye |
||
| 650 |
_aSavaş sonrası yeniden yapılanma _x20. yüzyıl _zTürkiye |
||
| 650 |
_aDevlet adamları _xAnılar _zTürkiye |
||
| 700 | _aBozkurt, Ahmet | ||
| 942 |
_2dcc _cBKS |
||
| 999 |
_c10021 _d10021 |
||